Estatísticas para Quiz da África do Sul

Clique aqui para jogar o quiz

Estatísticas Gerais

  • Esse quiz foi jogado 34 vezes
  • A pontuação média é 10 de 15

Estatísticas das Respostas

PerguntaResposta% Correto
Outro país em que a África do Sul faz fronteiraNamíbia
97%
País totalmente coberto pela África do SulLesoto
94%
Segunda língua mais falada na África do SulInglês
91%
Outro país em que a África do Sul faz fronteiraBotswana
88%
Outro país em que a África do Sul faz fronteiraMoçambique
88%
Outro país em que a África do Sul faz fronteiraZimbábue
81%
Países em que a África do Sul faz fronteiraEssuatíni
78%
Líder do Movimento contra o apartheidNelson Mandela
78%
Capital mais conhecida da África do SulPretória
78%
Cidade mais famosaJoanesburgo
75%
Duas línguas mais faladas na África do SulAfricâner
59%
Deserto que faz fronteira com Botswana e NamíbiaDeserto do Kalahari
31%
Tipos de clima predominante na África MeridionalSavana
16%
Nome da antiga mina de diamantes em kimberleybig hole
6%
O ponto mais meridional da África do Sul e da ÁfricaCabo das Agulhas
6%

Distribuição das Pontuações

Percentil de Números Respondidos

Porcentagem de Pessoas com Cada Pontuação

Sua Pontuação Histórica

Você não jogou esse quiz